Statistiques concernant [SPA] Les 12 mois en espagnol

Cliquez ici pour prendre le quiz!

Statistiques générales

  • Ce quiz a été pris 371 fois
  • Le résultat moyen est 9 sur 12

Statistiques - réponses

MoisMes% Correct
FévrierFebrero
84%
MaiMayo
84%
MarsMarzo
83%
JanvierEnero
82%
JuilletJulio
81%
AvrilAbril
80%
SeptembreSetiembre
79%
JuinJunio
77%
NovembreNoviembre
73%
OctobreOctubre
72%
DécembreDiciembre
66%
AoutAgosto
60%

Distribution des résultats

Percentile par nombre de réponses

% des personnes avec chaque résultat

Votre développement - résultats

Vous n’avez pas pris ce quiz